Statistics for Worlds Biggest Cheese Producers

Click here to take the quiz!

General Stats

  • This quiz has been taken 106 times
  • The average score is 8 of 10

Answer Stats

Exports(USD)Answer% Correct
3.35 BillionFrance
99%
1.39 BillionUSA
97%
2.5 BillionItaly
95%
3.73 BillionGermany
94%
686 MillionUK
94%
3.41 BillionNetherlands
91%
817 MillionBelgium
82%
1.37 BillionDenmark
65%
780 MillionIreland
60%
1.15 BillionNew Zealand
43%

Score Distribution

Percentile by Number Answered

Percent of People with Each Score

Your Score History

You have not taken this quiz